Работа геологической школы "Юный геолог" ИГНД по привлечению школьников к профессиональной и творческой деятельности; Проблемы геологии и освоения недр; Т. 2

Detalles Bibliográficos
Parent link:Проблемы геологии и освоения недр: труды XIV Международного симпозиума имени академика М. А. Усова студентов и молодых ученых, посвященного 65-летию Победы советского народа над фашистской Германией в Великой Отечественной войне 1941-1945 гг., 5-9 апреля 2010 г. г. Томск/ Томский политехнический университет (ТПУ), Институт геологии и нефтегазового дела (ИГНД) ; под ред. В. А. Домаренко.— , 2010.— 978-5-98298-729-7
Т. 2.— 2010.— С. 743-745
Autor Principal: Ялов А. Е.
Outros autores: Мишуков С. Е. (научный руководитель), Рычкова И. В. Ирина Владимировна
Idioma:ruso
Publicado: 2010
Subjects:
Formato: MixedMaterials Capítulo de libro
KOHA link:https://koha.lib.tpu.ru/cgi-bin/koha/opac-detail.pl?biblionumber=193061

MARC

LEADER 00000naa2a2200000 4500
001 193061
005 20260123152109.0
035 |a (RuTPU)RU\TPU\book\210501 
090 |a 193061 
100 |a 20110314d2010 k y0rusy50 ca 
101 0 |a rus 
102 |a RU 
200 1 |a Работа геологической школы "Юный геолог" ИГНД по привлечению школьников к профессиональной и творческой деятельности  |f А. Е. Ялов, С. Е. Мишуков  |g науч. рук. И. В. Рычкова 
461 1 |0 (RuTPU)RU\TPU\book\205901  |y 978-5-98298-729-7  |t Проблемы геологии и освоения недр  |o труды XIV Международного симпозиума имени академика М. А. Усова студентов и молодых ученых, посвященного 65-летию Победы советского народа над фашистской Германией в Великой Отечественной войне 1941-1945 гг., 5-9 апреля 2010 г. г. Томск  |o в 2 т.  |f Томский политехнический университет (ТПУ), Институт геологии и нефтегазового дела (ИГНД) ; под ред. В. А. Домаренко  |d 2010 
463 1 |0 (RuTPU)RU\TPU\book\205109  |y 978-5-98298-731-0  |t Т. 2  |v С. 743-745  |d 2010 
610 1 |a геологические школы 
610 1 |a Юный геолог 
610 1 |a школьники 
610 1 |a творчество 
610 1 |a довузовская подготовка 
610 1 |a труды учёных ТПУ 
700 1 |a Ялов  |b А. Е. 
701 1 |a Мишуков  |b С. Е. 
702 1 |a Рычкова  |b И. В.  |c геолог  |c доцент Томского политехнического университета, инженер, кандидат геолого-минералогических наук  |f 1967-  |g Ирина Владимировна  |4 727 
801 1 |a RU  |b 63413507  |c 20110314 
801 2 |a RU  |b 63413507  |c 20140123  |g RCR 
942 |c BK